000 00659nam a2200217Ia 4500
001 18730
003 GE_BSU
008 181216s||||||||xx |||||||||||||| ||und||
040 _cGE_BSU
245 _aТеоретическая и математическая физика №3. 2016
245 _b№3. 2016
245 _cГл.ред.А.А.Славнов и др.
260 _aМосква
260 _bНаука
260 _c2016
300 _a504стр,23см
653 _aПериодика
653 _aТеоретическая и математическая физика.№3. 2016
653 _aპერიოდიკა
942 _cCR
999 _c51738
_d51738